|
|
|
|
| LEADER |
00000nab a2200000Ia 4500 |
| 001 |
vtls010747698 |
| 003 |
SK-MaSNL |
| 005 |
20260305020852.0 |
| 008 |
250718|1957 xo |||||||||||||||||slo| |
| 035 |
|
|
|a (urnnbn)urn:nbn:sk:snk:ar-a00e24
|
| 035 |
|
|
|a (uuid)e7cb1365-75e8-4787-88b9-d04d713c4a22
|
| 035 |
|
|
|a urn:nbn:sk:snk-ab47e0
|
| 040 |
|
|
|a SNKBUCL
|b slo
|c SNKBUCL
|e AACR2
|
| 041 |
0 |
|
|a slo
|
| 044 |
|
|
|a xo
|c SK
|
| 080 |
|
|
|a (470)
|2 2001
|
| 080 |
|
|
|a 792
|2 2001
|
| 100 |
1 |
|
|a Mikulášová-Škridlová, Viera,
|d 1924-2014
|4 aut
|9 122362
|
| 245 |
1 |
0 |
|a Rajkin a jeho premeny
|c Viera Mikulášová
|
| 600 |
1 |
7 |
|a Rajkin, Arkadij Isaakovič,
|d 1911-1987
|2 SNKMA
|9 176923
|
| 650 |
0 |
7 |
|a divadlo
|2 SNKPH
|9 3335
|
| 651 |
|
7 |
|a Petrohrad (Rusko)
|2 SNKPH
|9 31081
|
| 773 |
0 |
|
|t Film a divadlo
|g Roč. 1, č. 18 (1957), s. 6
|
| 850 |
|
|
|a Slovenská národná knižnica
|
| 852 |
|
|
|a Slovenská národná knižnica
|
| 954 |
|
|
|a odborná, vedecká literatúra pôvodná (slovenská)
|2 lita
|
| 958 |
|
|
|a article3
|
| 958 |
|
|
|a OND
|
| 958 |
|
|
|a EUIPO
|
| 999 |
|
|
|c 3282721
|d 3284651
|